00967nam a22002297a 4500003000900000008004100009020001800050040007100068082003000139100002800169245003200197260004700229300003200276440002900308505024600337650003000583650002600613650001300639650002800652650002600680710003100706AR-CdUCM190319b ||||| |||| 00| 0 spa d a9789972571879 aMUNICIPALIDAD PROVINCIAL DEL CUSCOcBIBLIOTECA MUNICIPAL DEL CUSCO a658.402/F41bF412Segunda aFernández Baca, Jorge aOrganización industrial / aLima ;bUniversidad del Pacífico,c2011. a632 Páginas. :c23x19 cm. aBiblioteca Universitaria aContenido: Teoría de las empresas -- Monopolio -- Discriminación de precios -- Las subastas -- Integración y control vertical -- La competencia oligopólica en el corto plazo competencia de precios versus competencia de cantidades ... aOrganización industrial aAspectos económicos aEmpresas aCompetencia económica aPropiedad intelectual aUniversidad del Pacífico